00489 2200169 4500001002100000008004100021035002000062245008200082100002100164260004600185300002100231020002200252084001400274082000800288650001000296990001300306INLIS000000000001165 Ind  a0010-0226001165 aBuku Pintar Bersuci, Shalat, Dzikir Dan Doa Khusus MuslimahcSalman Al-Farisi aSalman Al-Farisi aYogyakarta :bPerpustakaan Nasionalc2019 a218 hlm.c20 cm. a978-623-7465-05-8 a200 SAL b a200 aAgama ap/3267/1